La Saga Dei Foesyte Vol.2

Պահպանված է:
Մատենագիտական մանրամասներ
Հիմնական հեղինակ: Jhon Galsworthy
Ձևաչափ: Գիրք
Լեզու:Undetermined
Հրապարակվել է: Alberto Peruzzo Editore
Ցուցիչներ: Ավելացրեք ցուցիչ
Չկան պիտակներ, Եղեք առաջինը, ով նշում է այս գրառումը!

MARC

LEADER 00000nam a2200000Ia 4500
001 R-753
003 CODICE-MESSINA
005 20260212102457.0
008 260211s9999 xx 000 0 und d
040 |c importazione_messina 
100 |a Jhon Galsworthy 
245 0 |a La Saga Dei Foesyte 
245 0 |b Vol.2 
260 |b Alberto Peruzzo Editore 
942 |2 ddc  |c BK 
952 |0 0  |1 0  |2 ddc  |4 0  |6 SCAFFALE_7_000000000000000__ROMANZI  |7 0  |9 31580  |a ME  |b ME  |d 2026-02-11  |l 0  |o SCAFFALE 7 - ROMANZI  |p R-753  |r 2026-02-11 23:52:38  |w 2026-02-11  |x [REVISIONARE]  |y BK 
999 |c 27245  |d 27245